| 000 | 00636cam a2200241 4500 | ||
|---|---|---|---|
| 001 | J64676 | ||
| 008 | 000000n2001 000 0 eng u | ||
| 035 | _a(Sirsi) u113673 | ||
| 041 | _aeng | ||
| 050 | _a333.337 | ||
| 110 |
_aDonaldsons _93333 |
||
| 245 | _aDonaldson's retail research spotlight. 1st - 4th 2001 | ||
| 260 |
_aLondon _bDonaldsons _c2001 |
||
| 300 |
_a4 pt. _c30cm. |
||
| 520 | _aPublished quarterly | ||
| 650 | _aPROPERTY INVESTMENT | ||
| 650 | _aRENT | ||
| 650 | _aRENTAL GROWTH | ||
| 650 | _aRETAIL PROPERTY | ||
| 650 | _aYIELDS | ||
| 690 | _aPROPERTY-COMMERCIAL PROPERTY-RETAIL PROPERTY | ||
| 942 | _n0 | ||
| 999 |
_c101538 _d101538 |
||